[Event "Vitebsk op"]
[Site "Vitebsk"]
[Date "2006.12.13"]
[Round "6"]
[White "Korjakin, Artem"]
[Black "Tomilin, Alexey"]
[Result "1/2-1/2"]
[WhiteElo "2150"]
[BlackElo "2343"]
[PlyCount "52"]
[EventDate "2006.12.09"]
[EventType "swiss"]
[EventRounds "9"]
[EventCountry "RUS"]
[SourceTitle "EXT 2008"]
[Source "ChessBase"]
[SourceDate "2007.11.25"]
[SourceVersion "1"]
[SourceVersionDate "2007.11.25"]
[SourceQuality "1"]

1. e4 Nf6 2. Nc3 d5 3. exd5 Nxd5 4. Bc4 Nb6 5. Bb3 Nc6 6. Nf3 Bf5 7. 0-0 e6 8. d4 Be7 9. Re1 0-0 10. Ne4 Na5 11. Qe2 Nxb3 12. axb3 Bg4 13. Be3 Nd5 14. h3 Bh5 15. Ng3 Bxf3 16. Qxf3 c6 17. Rad1 Qb6 18. Ne4 Nxe3 19. Qxe3 Rad8 20. Rd3 Rd7 21. Red1 Rfd8 22. Nc5 Bxc5 23. dxc5 Rxd3 24. Rxd3 Rxd3 25. Qxd3 Qc7 26. b4 h6 1/2-1/2

[Event "Vitebsk op"]
[Site "Vitebsk"]
[Date "2006.12.10"]
[Round "3"]
[White "Tomilin, Alexey"]
[Black "Sedov, Anton"]
[Result "1-0"]
[WhiteElo "2343"]
[BlackElo "2123"]
[PlyCount "64"]
[EventDate "2006.12.09"]
[EventType "swiss"]
[EventRounds "9"]
[EventCountry "RUS"]
[SourceTitle "EXT 2008"]
[Source "ChessBase"]
[SourceDate "2007.11.25"]
[SourceVersion "1"]
[SourceVersionDate "2007.11.25"]
[SourceQuality "1"]

1. d4 d5 2. Nf3 e6 3. c4 Nf6 4. Nc3 Be7 5. Bf4 0-0 6. e3 b6 7. cxd5 exd5 8. Ne5 Bb7 9. Bd3 c5 10. 0-0 Nc6 11. Rc1 c4 12. Bb1 a6 13. Ne2 b5 14. Ng3 Re8 15. Nf5 Bf8 16. Qf3 Ne4 17. Qh3 Nxe5 18. dxe5 Bc8 19. Rfd1 Bxf5 20. Qxf5 g6 21. Qg4 f5 22. exf6 Nxf6 23. Qf3 Bg7 24. Bg5 Ra7 25. Bxf6 Qxf6 26. Qxd5+ Rf7 27. Rd2 Kh8 28. Rcd1 Rff8 29. Be4 Qh4 30. g3 Qg4 31. f4 Bf6 32. Bf3 Qc8 1-0

[Event "Izmailov Memorial op 10th"]
[Site "Tomsk"]
[Date "2006.07.19"]
[Round "8"]
[White "Yurkov, Pavel"]
[Black "Tomilin, Alexey"]
[Result "0-1"]
[WhiteElo "2250"]
[BlackElo "2342"]
[PlyCount "84"]
[EventDate "2006.07.12"]
[EventType "swiss"]
[EventRounds "9"]
[EventCountry "RUS"]
[SourceTitle "EXT 2008"]
[Source "ChessBase"]
[SourceDate "2007.11.25"]
[SourceVersion "1"]
[SourceVersionDate "2007.11.25"]
[SourceQuality "1"]

1. d4 Nf6 2. c4 c6 3. Nc3 d5 4. e3 a6 5. Qc2 g6 6. Bd3 Bg7 7. Nf3 0-0 8. 0-0 Nbd7 9. b3 c5 10. Bb2 cxd4 11. exd4 b6 12. Qe2 dxc4 13. bxc4 Bb7 14. Rfe1 e6 15. a4 Nh5 16. Be4 Qc7 17. Bxb7 Qxb7 18. Ba3 Rfc8 19. Ne4 Qc6 20. Nd6 Rd8 21. Ng5 Bxd4 22. Rad1 e5 23. Ngxf7 Nf4 24. Qe4 Qxe4 25. Rxe4 Ne6 26. Nxd8 Rxd8 27. Nb7 Rb8 28. Nd6 Ndc5 29. Bxc5 Nxc5 30. Re2 Nxa4 31. Ne4 Rc8 32. Rc1 Nb2 33. Rec2 Nd3 34. Rd1 Nb4 35. Rcc1 a5 36. Nd6 Rf8 37. Rd2 Bxf2+ 38. Rxf2 Rxf2 39. Nc8 Rf6 40. c5 Nd3 41. Ne7+ Kf7 42. Nd5 Nxc1 0-1

[Event "Izmailov Memorial op 10th"]
[Site "Tomsk"]
[Date "2006.07.16"]
[Round "5"]
[White "Tomilin, Alexey"]
[Black "Ibrayev, Nurlan"]
[Result "0-1"]
[WhiteElo "2342"]
[BlackElo "2498"]
[PlyCount "120"]
[EventDate "2006.07.12"]
[EventType "swiss"]
[EventRounds "9"]
[EventCountry "RUS"]
[SourceTitle "EXT 2008"]
[Source "ChessBase"]
[SourceDate "2007.11.25"]
[SourceVersion "1"]
[SourceVersionDate "2007.11.25"]
[SourceQuality "1"]

1. d4 Nf6 2. c4 e6 3. Nf3 c5 4. d5 exd5 5. cxd5 d6 6. Nc3 g6 7. Nd2 Bg7 8. Nc4 0-0 9. Bf4 Na6 10. Bxd6 Re8 11. e3 Bf5 12. Be2 Ne4 13. Nxe4 Bxe4 14. f3 b5 15. fxe4 bxc4 16. Bf4 Qa5+ 17. Kf2 Rxe4 18. Bf3 Ree8 19. Qc2 c3 20. bxc3 c4 21. Rhd1 Nc5 22. Kg1 Nd3 23. Be2 Bxc3 24. Rab1 Nxf4 25. exf4 Qc5+ 26. Kh1 Qf2 27. Rf1 Qxe2 28. Qxc3 Rad8 29. f5 Qd3 30. Qf6 Qxd5 31. fxg6 hxg6 32. Rbd1 Qxd1 33. Qxf7+ Kh8 34. Qxe8+ Rxe8 35. Rxd1 c3 36. Rc1 Re2 37. h4 c2 38. Kh2 Kg7 39. Kg3 Kf6 40. Kf3 Rd2 41. g4 Ke5 42. Ke3 Rh2 43. h5 g5 44. Kd3 Kf4 45. Rxc2 Rh3+ 46. Ke2 Kxg4 47. Kf1 Kxh5 48. Kg2 Ra3 49. Rb2 a5 50. Rc2 Kg4 51. Rc4+ Kf5 52. Rc5+ Kf4 53. Rc4+ Kf5 54. Rc5+ Kg4 55. Rc4+ Kh5 56. Rc2 a4 57. Rb2 Kg4 58. Rb4+ Kf5 59. Rb5+ Kf4 60. Rb4+ Ke3 0-1

[Event "RUS-ch U18"]
[Site "Nojabrsk"]
[Date "2005.04.12"]
[Round "7"]
[White "Aklanov, Fedor"]
[Black "Tomilin, Alexey"]
[Result "1/2-1/2"]
[WhiteElo "2172"]
[BlackElo "2327"]
[PlyCount "61"]
[EventDate "2005.04.06"]
[EventType "swiss"]
[EventRounds "9"]
[EventCountry "RUS"]
[SourceTitle "EXT 2006"]
[Source "ChessBase"]
[SourceDate "2005.11.24"]
[SourceVersion "1"]
[SourceVersionDate "2005.11.24"]
[SourceQuality "1"]

1. e4 Nf6 2. e5 Nd5 3. Nc3 Nxc3 4. dxc3 d6 5. Nf3 e6 6. Bf4 Be7 7. Qd2 dxe5 8. Qxd8+ Bxd8 9. Nxe5 f6 10. Nd3 e5 11. Be3 0-0 12. 0-0-0 b6 13. Nc5 Re8 14. Bc4+ Kf8 15. Bd5 c6 16. Be6 Be7 17. Nd7+ Nxd7 18. Bxd7 Rd8 19. Bf5 g6 20. Rxd8+ Bxd8 21. Bxc8 a5 22. Rd1 Bc7 23. g4 a4 24. c4 c5 25. h4 a3 26. b3 Ra7 27. h5 Kg7 28. c3 e4 29. Be6 Be5 30. hxg6 hxg6 31. Rh1 1/2-1/2

[Event "RUS-ch U18"]
[Site "Nojabrsk"]
[Date "2005.04.11"]
[Round "6"]
[White "Papin, Vasily"]
[Black "Tomilin, Alexey"]
[Result "1/2-1/2"]
[WhiteElo "2440"]
[BlackElo "2327"]
[PlyCount "64"]
[EventDate "2005.04.06"]
[EventType "swiss"]
[EventRounds "9"]
[EventCountry "RUS"]
[SourceTitle "EXT 2006"]
[Source "ChessBase"]
[SourceDate "2005.11.24"]
[SourceVersion "1"]
[SourceVersionDate "2005.11.24"]
[SourceQuality "1"]

1. e4 Nf6 2. e5 Nd5 3. d4 d6 4. Nf3 dxe5 5. Nxe5 Nd7 6. Nf3 e6 7. Bc4 Be7 8. 0-0 0-0 9. c3 b6 10. Qe2 Bb7 11. Ba6 Bxa6 12. Qxa6 c5 13. Nbd2 cxd4 14. Nxd4 Nc5 15. Qc4 Rc8 16. N2f3 Qc7 17. Qe2 Bf6 18. Bg5 Bxg5 19. Nxg5 h6 20. Ngf3 Nf4 21. Qe3 Nd5 22. Qd2 a6 23. c4 Ne7 24. Qe3 Nc6 25. Rad1 Rfd8 26. b3 Nxd4 27. Nxd4 Rd7 28. Rd2 Rcd8 29. Rfd1 e5 30. Nc2 Rxd2 31. Rxd2 Rxd2 32. Qxd2 Qd7 1/2-1/2

[Event "RUS-ch U18"]
[Site "Nojabrsk"]
[Date "2005.04.10"]
[Round "5"]
[White "Tomilin, Alexey"]
[Black "Keosidi, Konstantin"]
[Result "1/2-1/2"]
[WhiteElo "2327"]
[BlackElo "2278"]
[PlyCount "60"]
[EventDate "2005.04.06"]
[EventType "swiss"]
[EventRounds "9"]
[EventCountry "RUS"]
[SourceTitle "EXT 2006"]
[Source "ChessBase"]
[SourceDate "2005.11.24"]
[SourceVersion "1"]
[SourceVersionDate "2005.11.24"]
[SourceQuality "1"]

1. d4 d5 2. c4 e6 3. Nf3 Nf6 4. g3 dxc4 5. Bg2 a6 6. 0-0 Nc6 7. Nc3 Rb8 8. e4 Be7 9. d5 Nb4 10. Ne5 exd5 11. exd5 Bf5 12. a3 Nd3 13. Nxc4 Nxc1 14. Rxc1 0-0 15. Qd4 Ne8 16. h4 Nd6 17. Nxd6 Bxd6 18. Ne4 Bxe4 19. Bxe4 Re8 20. Rfe1 Re7 21. Qd3 g6 22. Re2 Qf8 23. Rce1 Rbe8 24. f4 Qg7 25. Bf3 Rxe2 26. Rxe2 Rxe2 27. Qxe2 Qd4+ 28. Kg2 Kg7 29. h5 gxh5 30. Bxh5 Qxd5+ 1/2-1/2

[Event "RUS-ch U18"]
[Site "Nojabrsk"]
[Date "2005.04.06"]
[Round "1"]
[White "Tomilin, Alexey"]
[Black "Vitiugov, Nikita"]
[Result "0-1"]
[WhiteElo "2327"]
[BlackElo "2482"]
[PlyCount "46"]
[EventDate "2005.04.06"]
[EventType "swiss"]
[EventRounds "9"]
[EventCountry "RUS"]
[SourceTitle "EXT 2006"]
[Source "ChessBase"]
[SourceDate "2005.11.24"]
[SourceVersion "1"]
[SourceVersionDate "2005.11.24"]
[SourceQuality "1"]

1. d4 d5 2. c4 e6 3. Nf3 Nf6 4. g3 dxc4 5. Bg2 a6 6. Ne5 c5 7. Be3 Nd5 8. dxc5 Nd7 9. Nxc4 Nxe3 10. fxe3 Bxc5 11. Nd6+ Ke7 12. Nxb7 Bxb7 13. Bxb7 Rb8 14. Bf3 Ne5 15. Qc2 Bxe3 16. Nc3 Qb6 17. Nd1 Nxf3+ 18. exf3 Rhd8 19. Qe4 Rd4 20. Qc2 Qa5+ 21. Nc3 Bd2+ 22. Kf1 Rxb2 23. Qxb2 Bxc3 0-1

[Event "RUS Cup Qualifier 1"]
[Site "chessassistantclub.com INT"]
[Date "2004.09.07"]
[Round "?"]
[White "Afromeev, Vladimir"]
[Black "Tomilin, Alexey"]
[Result "1-0"]
[WhiteElo "2537"]
[BlackElo "2258"]
[PlyCount "129"]
[EventDate "2004.09.07"]
[EventType "swiss (blitz)"]
[EventRounds "13"]
[EventCountry "RUS"]
[SourceTitle "EXT 2006"]
[Source "ChessBase"]
[SourceDate "2005.11.24"]
[SourceVersion "1"]
[SourceVersionDate "2005.11.24"]
[SourceQuality "1"]

1. e4 Nf6 2. e5 Nd5 3. Nf3 d6 4. Bc4 c6 5. 0-0 g6 6. d4 Bg7 7. Re1 0-0 8. h3 b5 9. Bb3 Nb6 10. Bf4 Nc4 11. Qc1 Nd7 12. a4 dxe5 13. dxe5 Nc5 14. Bxc4 bxc4 15. Bh6 Bf5 16. Bxg7 Kxg7 17. Na3 c3 18. b3 Ne4 19. Qe3 Nd2 20. Qxc3 Nxf3+ 21. Qxf3 Qd5 22. Qc3 Kg8 23. Rad1 Qe6 24. Nc4 h5 25. Rd4 c5 26. Rd2 h4 27. Red1 Kh7 28. Qe3 f6 29. Qxc5 g5 30. exf6 exf6 31. Rd6 Qe4 32. Qc7+ Kh6 33. Ne3 Bg6 34. R1d4 Qe8 35. Rxf6 Kh5 36. Rxf8 Qxf8 37. Rd7 Re8 38. Qxa7 Bf5 39. Rd5 Bg6 40. Qc5 Qf4 41. a5 Rf8 42. Nd1 Be4 43. Re5 Bg6 44. a6 Qc1 45. Rd5 Re8 46. Kh2 Re1 47. g3 Qa1 48. a7 Rf1 49. g4+ Kh6 50. Qf8+ Kh7 51. Rd7+ Bf7 52. Qxf7+ Kh6 53. Qg7+ Qxg7 54. Rxg7 Rxd1 55. a8Q Kxg7 56. Qb7+ Kh6 57. Qe4 Kg7 58. Qe6 Rf1 59. Qe5+ Kh6 60. Qd6+ Kh7 61. Qd7+ Kg6 62. Qc6+ Kh7 63. Qb7+ Kh6 64. Qa6+ Kh7 65. Qxf1 1-0

[Event "RUS Cup Qualifier 1"]
[Site "chessassistantclub.com INT"]
[Date "2004.09.07"]
[Round "?"]
[White "Smikovski, Ivan"]
[Black "Tomilin, Alexey"]
[Result "1-0"]
[WhiteElo "2488"]
[BlackElo "2258"]
[PlyCount "113"]
[EventDate "2004.09.07"]
[EventType "swiss (blitz)"]
[EventRounds "13"]
[EventCountry "RUS"]
[SourceTitle "EXT 2006"]
[Source "ChessBase"]
[SourceDate "2005.11.24"]
[SourceVersion "1"]
[SourceVersionDate "2005.11.24"]
[SourceQuality "1"]

1. e4 Nf6 2. e5 Nd5 3. d4 d6 4. Nf3 dxe5 5. Nxe5 Nd7 6. Nf3 g6 7. c4 N5f6 8. Nc3 Bg7 9. Be2 0-0 10. 0-0 b6 11. d5 Bb7 12. Nd4 Re8 13. Be3 Nf8 14. Bf3 Qc8 15. Qd2 e6 16. Bg5 exd5 17. Bxf6 Bxf6 18. Nxd5 Bg7 19. Rfe1 Qd7 20. Qf4 Rxe1+ 21. Rxe1 Re8 22. Rxe8 Qxe8 23. g3 c5 24. Nb5 Qe1+ 25. Kg2 Bc8 26. Nd6 Be6 27. Ne7+ Kh8 28. Qxf7 Qe5 29. Qf4 Qxf4 30. gxf4 Bxb2 31. Nec8 Nd7 32. Nxa7 Kg7 33. Nac8 Bd4 34. Bc6 Nb8 35. Bd5 Bxc8 36. Nxc8 Nd7 37. Bc6 Nb8 38. Bb5 Kf6 39. Nxb6 Kf5 40. Nd5 Ke6 41. a4 Kd6 42. f3 Nc6 43. Bxc6 Kxc6 44. Kg3 Kb7 45. Kg4 Ka6 46. f5 gxf5+ 47. Kxf5 Ka5 48. Ke4 Kxa4 49. f4 Ka5 50. f5 Ka6 51. f6 Kb7 52. f7 Bg7 53. Nf4 Kc8 54. Ne6 Kd7 55. Nxg7 Ke7 56. Ne6 Kxf7 57. Nxc5 1-0

[Event "RUS Cup Qualifier 1"]
[Site "chessassistantclub.com INT"]
[Date "2004.09.07"]
[Round "?"]
[White "Tomilin, Alexey"]
[Black "Mashinskaya, Iulia"]
[Result "0-1"]
[WhiteElo "2258"]
[BlackElo "2205"]
[PlyCount "120"]
[EventDate "2004.09.07"]
[EventType "swiss (blitz)"]
[EventRounds "13"]
[EventCountry "RUS"]
[SourceTitle "EXT 2006"]
[Source "ChessBase"]
[SourceDate "2005.11.24"]
[SourceVersion "1"]
[SourceVersionDate "2005.11.24"]
[SourceQuality "1"]

1. d4 d5 2. c4 c6 3. Nf3 dxc4 4. a4 Nf6 5. Nc3 Bf5 6. Ne5 Nbd7 7. Nxc4 Nb6 8. Ne3 Bg6 9. g4 e6 10. h4 h5 11. g5 Nfd5 12. Bg2 a5 13. 0-0 Bd6 14. Nexd5 cxd5 15. e4 dxe4 16. Nxe4 0-0 17. Nc5 Bxc5 18. dxc5 Nd5 19. Bd2 Qc7 20. Rc1 Rfd8 21. Qb3 Rab8 22. Qg3 Qxg3 23. fxg3 Nb4 24. Bf4 Nd3 25. Bxb8 Nxc1 26. Bc7 Rd7 27. Bxa5 Nb3 28. Bb6 e5 29. Re1 f6 30. gxf6 gxf6 31. c6 bxc6 32. a5 Bd3 33. Bxc6 Rd6 34. Bf3 Ba6 35. Bxh5 Nd2 36. Be2 Bxe2 37. Rxe2 Nc4 38. Bc5 Rd1+ 39. Kg2 Nxa5 40. b4 Nb7 41. Rc2 Kf7 42. Be3 Ke6 43. h5 Rd7 44. h6 Nd6 45. Rc6 Kd5 46. Ra6 f5 47. Ra5+ Ke4 48. Bg5 Nc4 49. Ra6 f4 50. gxf4 exf4 51. Rg6 Ne3+ 52. Kh3 Nf5 53. Re6+ Kf3 54. Rf6 Ke4 55. Bxf4 Kxf4 56. b5 Rb7 57. b6 Kg5 58. Rc6 Nxh6 59. Kg3 Nf5+ 60. Kf3 Nd4+ 0-1

[Event "RUS Cup Qualifier 1"]
[Site "chessassistantclub.com INT"]
[Date "2004.09.07"]
[Round "?"]
[White "Tomilin, Alexey"]
[Black "Shaydullina, Sandugach"]
[Result "1-0"]
[WhiteElo "2258"]
[BlackElo "2320"]
[PlyCount "107"]
[EventDate "2004.09.07"]
[EventType "swiss (blitz)"]
[EventRounds "13"]
[EventCountry "RUS"]
[SourceTitle "EXT 2006"]
[Source "ChessBase"]
[SourceDate "2005.11.24"]
[SourceVersion "1"]
[SourceVersionDate "2005.11.24"]
[SourceQuality "1"]

1. d4 d5 2. c4 dxc4 3. Nf3 Nf6 4. Nbd2 e6 5. Nxc4 c5 6. Bg5 Nc6 7. dxc5 Qxd1+ 8. Rxd1 Bxc5 9. Nd6+ Bxd6 10. Rxd6 Ke7 11. Rd2 h6 12. Bh4 Bd7 13. e3 Rhd8 14. Bb5 g5 15. Bg3 Ne4 16. Rd1 Be8 17. Ke2 h5 18. Bc7 Rxd1 19. Rxd1 Rc8 20. Bxc6 Bxc6 21. Be5 Bb5+ 22. Ke1 Rc2 23. Nd4 Rxb2 24. Nf5+ exf5 25. Bxb2 Bc6 26. f3 Nf6 27. Bxf6+ Kxf6 28. Rd6+ Ke5 29. Rh6 h4 30. Rh5 f6 31. Kd2 b5 32. g3 hxg3 33. hxg3 b4 34. Rh7 a5 35. Rc7 Bxf3 36. Rc5+ Ke6 37. Rxa5 Bd5 38. Kd3 b3 39. Rxd5 Kxd5 40. axb3 Kc5 41. Kc3 Kd5 42. b4 Ke4 43. b5 Kxe3 44. b6 f4 45. gxf4 gxf4 46. b7 f3 47. b8Q f2 48. Qb5 f5 49. Qf1 f4 50. Kc4 Kf3 51. Kd3 Kg3 52. Ke4 f3 53. Ke3 Kg4 54. Qxf2 1-0

[Event "RUS-ch U18"]
[Site "Dagomys"]
[Date "2004.04.??"]
[Round "6"]
[White "Kulikov, Evgeny"]
[Black "Tomilin, Alexey"]
[Result "1-0"]
[WhiteElo "2235"]
[BlackElo "2310"]
[PlyCount "61"]
[EventDate "2004.04.??"]
[EventType "swiss"]
[EventRounds "10"]
[EventCountry "RUS"]
[SourceTitle "EXT 2005"]
[Source "ChessBase"]
[SourceDate "2004.11.15"]
[SourceVersion "1"]
[SourceVersionDate "2004.11.15"]
[SourceQuality "1"]

1. e4 Nf6 2. e5 Nd5 3. Nc3 e6 4. Nxd5 exd5 5. f4 d6 6. Nf3 dxe5 7. fxe5 Bg4 8. d4 Be7 9. Bd3 c5 10. 0-0 Nc6 11. c3 Qb6 12. Kh1 cxd4 13. cxd4 0-0-0 14. Be3 Kb8 15. Qd2 f6 16. Rac1 Ka8 17. a3 h6 18. b4 Bxf3 19. Rxf3 fxe5 20. dxe5 d4 21. Bf4 g5 22. Bg3 g4 23. Rf5 Bg5 24. Bf4 Bh4 25. g3 Be7 26. Rf7 Rde8 27. Be4 Rhf8 28. e6 Bd8 29. Qg2 Ne7 30. Rc8+ Nxc8 31. Bxb7+ 1-0

[Event "RUS-ch U18"]
[Site "Dagomys"]
[Date "2004.04.??"]
[Round "2"]
[White "Savchenko, Yuri"]
[Black "Tomilin, Alexey"]
[Result "0-1"]
[WhiteElo "2104"]
[BlackElo "2310"]
[PlyCount "52"]
[EventDate "2004.04.??"]
[EventType "swiss"]
[EventRounds "10"]
[EventCountry "RUS"]
[SourceTitle "EXT 2005"]
[Source "ChessBase"]
[SourceDate "2004.11.15"]
[SourceVersion "1"]
[SourceVersionDate "2004.11.15"]
[SourceQuality "1"]

1. e4 Nf6 2. d3 c5 3. Nf3 Nc6 4. g3 g6 5. Bg2 Bg7 6. c4 0-0 7. Nc3 d6 8. a3 a6 9. Rb1 Nd7 10. Qc2 b5 11. cxb5 axb5 12. Nxb5 Ba6 13. Nc3 Nde5 14. Nxe5 Nxe5 15. 0-0 Bxd3 16. Qd1 Bxb1 17. Nxb1 Rb8 18. Qc2 Qb6 19. Nd2 Qb5 20. Rd1 Qd3 21. Qa4 Ra8 22. Qb3 Qxb3 23. Nxb3 Nc4 24. Nd2 Nxb2 25. Bxb2 Bxb2 26. Nc4 Bxa3 0-1

[Event "RUS-ch U18"]
[Site "Dagomys"]
[Date "2004.04.??"]
[Round "8"]
[White "Shestakov, Dmitry"]
[Black "Tomilin, Alexey"]
[Result "1/2-1/2"]
[WhiteElo "2152"]
[BlackElo "2310"]
[PlyCount "34"]
[EventDate "2004.04.??"]
[EventType "swiss"]
[EventRounds "10"]
[EventCountry "RUS"]
[SourceTitle "EXT 2005"]
[Source "ChessBase"]
[SourceDate "2004.11.15"]
[SourceVersion "1"]
[SourceVersionDate "2004.11.15"]
[SourceQuality "1"]

1. d4 g6 2. e4 Bg7 3. Nc3 d6 4. Nf3 h6 5. h3 e6 6. Be3 Ne7 7. Qd2 Nd7 8. g4 a6 9. a4 b6 10. Bg2 Bb7 11. 0-0 f5 12. exf5 gxf5 13. Rfe1 Nf8 14. Ne2 h5 15. gxf5 Nxf5 16. Ng3 Nxe3 17. Qxe3 Bh6 1/2-1/2

[Event "RUS-ch U18"]
[Site "Dagomys"]
[Date "2004.04.??"]
[Round "3"]
[White "Tomilin, Alexey"]
[Black "Melnikov, Alexey"]
[Result "1/2-1/2"]
[WhiteElo "2310"]
[BlackElo "2174"]
[PlyCount "63"]
[EventDate "2004.04.??"]
[EventType "swiss"]
[EventRounds "10"]
[EventCountry "RUS"]
[SourceTitle "EXT 2005"]
[Source "ChessBase"]
[SourceDate "2004.11.15"]
[SourceVersion "1"]
[SourceVersionDate "2004.11.15"]
[SourceQuality "1"]

1. d4 d5 2. c4 c6 3. Nf3 Nf6 4. e3 e6 5. Nbd2 Nbd7 6. Bd3 Bd6 7. 0-0 0-0 8. e4 dxe4 9. Nxe4 Nxe4 10. Bxe4 h6 11. Re1 Nf6 12. Bc2 b6 13. b3 Bb7 14. Bb2 Re8 15. Qd3 Qc7 16. Ne5 Rad8 17. Qh3 Kf8 18. Rad1 c5 19. dxc5 Bxc5 20. Ng4 Qf4 21. Ne3 Ne4 22. Bxe4 Bxe4 23. Qg4 Qxg4 24. Nxg4 Bc2 25. Rxd8 Rxd8 26. Ne3 Bxe3 27. fxe3 Be4 28. Bd4 e5 29. Bc3 Rd3 30. Rc1 Rxe3 31. Kf2 Rd3 32. Bxe5 1/2-1/2

[Event "RUS-ch U18"]
[Site "Dagomys"]
[Date "2004.04.??"]
[Round "5"]
[White "Tomilin, Alexey"]
[Black "Tischenko, Yaroslav"]
[Result "1-0"]
[WhiteElo "2310"]
[BlackElo "2189"]
[PlyCount "70"]
[EventDate "2004.04.??"]
[EventType "swiss"]
[EventRounds "10"]
[EventCountry "RUS"]
[SourceTitle "EXT 2005"]
[Source "ChessBase"]
[SourceDate "2004.11.15"]
[SourceVersion "1"]
[SourceVersionDate "2004.11.15"]
[SourceQuality "1"]

1. d4 Nf6 2. c4 e6 3. Nf3 b6 4. a3 Ba6 5. Qc2 Bb7 6. Nc3 c5 7. e4 cxd4 8. Nxd4 Nc6 9. Nb3 Qb8 10. f4 g5 11. Qf2 Nh5 12. fxg5 Bd6 13. Qf3 Nf4 14. Be3 Nd4 15. Qd1 Ng6 16. h4 Nc6 17. h5 Nge7 18. Qf3 Bg3+ 19. Kd1 Be5 20. Kc2 Rf8 21. Bd3 Bxc3 22. bxc3 Ne5 23. Qf4 Ba6 24. Bd4 Nxc4 25. Qxb8+ Rxb8 26. Bxc4 Bxc4 27. Nd2 Rc8 28. Nxc4 Rxc4 29. Kd3 Rc6 30. a4 d5 31. a5 dxe4+ 32. Kxe4 Nc8 33. axb6 axb6 34. Rhd1 Rd6 35. Be5 Rxd1 1-0

[Event "RUS-Cup 300 years"]
[Site "St Petersburg"]
[Date "2003.10.24"]
[Round "7"]
[White "Tomilin, Alexey"]
[Black "Akimov, Ivan"]
[Result "1/2-1/2"]
[WhiteElo "2258"]
[BlackElo "2365"]
[PlyCount "93"]
[EventDate "2003.10.18"]
[EventType "swiss"]
[EventRounds "9"]
[EventCountry "RUS"]
[SourceTitle "EXT 2004"]
[Source "ChessBase"]
[SourceDate "2003.11.25"]
[SourceVersion "1"]
[SourceVersionDate "2003.11.25"]
[SourceQuality "1"]

1. d4 Nf6 2. c4 e6 3. Nf3 Bb4+ 4. Bd2 c5 5. e3 0-0 6. Bxb4 cxb4 7. a3 Nc6 8. Ne5 Qe7 9. Be2 b6 10. Qa4 bxa3 11. Qxa3 Nb4 12. 0-0 Bb7 13. Rc1 a5 14. Nc3 d6 15. Nd3 Nxd3 16. Bxd3 Ng4 17. h3 Nh6 18. Nb5 Qg5 19. e4 f5 20. Nxd6 fxe4 21. Bxe4 Bxe4 22. Nxe4 Qf4 23. Qe3 Qh4 24. Ng3 Kh8 25. Rc2 Rac8 26. Rac1 Rfd8 27. d5 exd5 28. cxd5 Rxc2 29. Rxc2 Qb4 30. Rd2 Nf7 31. Nf5 h6 32. Ne7 Qd6 33. Nc6 Rc8 34. Qxb6 Ne5 35. Qxa5 Nc4 36. Qa6 Re8 37. Qxc4 Re1+ 38. Qf1 Rxf1+ 39. Kxf1 Qc5 40. b4 Qc1+ 41. Ke2 Qc4+ 42. Ke1 Qe4+ 43. Kf1 Qb1+ 44. Ke2 Qe4+ 45. Kf1 Qc4+ 46. Ke1 Qe4+ 47. Kf1 1/2-1/2

[Event "RUS-Cup 300 years"]
[Site "St Petersburg"]
[Date "2003.10.21"]
[Round "4"]
[White "Rusov, Valery"]
[Black "Tomilin, Alexey"]
[Result "0-1"]
[WhiteElo "2205"]
[BlackElo "2258"]
[PlyCount "156"]
[EventDate "2003.10.18"]
[EventType "swiss"]
[EventRounds "9"]
[EventCountry "RUS"]
[SourceTitle "EXT 2004"]
[Source "ChessBase"]
[SourceDate "2003.11.25"]
[SourceVersion "1"]
[SourceVersionDate "2003.11.25"]
[SourceQuality "1"]

1. e4 Nf6 2. e5 Nd5 3. d4 d6 4. Nf3 g6 5. c4 Nb6 6. exd6 cxd6 7. Be2 Bg7 8. Be3 Nc6 9. 0-0 Bg4 10. Nbd2 d5 11. c5 Nc8 12. h3 Bxf3 13. Nxf3 e6 14. Qd2 N8e7 15. Bh6 Bxh6 16. Qxh6 Nf5 17. Qd2 0-0 18. b4 Qf6 19. Rad1 a6 20. a4 Nh4 21. Nxh4 Qxh4 22. b5 axb5 23. axb5 Ne7 24. Ra1 Nf5 25. Bg4 Ng7 26. Rfd1 h5 27. g3 Qf6 28. Be2 Nf5 29. Qc3 Qe7 30. Bd3 h4 31. g4 Ng7 32. b6 Rxa1 33. Rxa1 f5 34. Be2 fxg4 35. hxg4 e5 36. dxe5 Ne6 37. c6 bxc6 38. Ra7 Qg5 39. Qxc6 Nf4 40. Bf3 Qxe5 41. Ra2 Kg7 42. Qc7+ Qxc7 43. bxc7 Rc8 44. Rc2 Ne6 45. Bxd5 Rxc7 46. Rxc7+ Nxc7 47. Bc4 g5 48. Kg2 Kf6 49. Kf3 Ne8 50. Ke3 Ke5 51. Bf1 Nf6 52. Kf3 Ne4 53. Ba6 Nc5 54. Bc4 Kd4 55. Bb5 Nd3 56. Kg2 Ne1+ 57. Kf1 Nc2 58. Kg2 Ke4 59. Bd7 Kf4 60. Bf5 Ne1+ 61. Kf1 Nf3 62. Kg2 Ne5 63. f3 Nxf3 64. Bc8 Ne5 65. Kh3 Nd3 66. Kg2 Ke3 67. Bf5 Nc5 68. Bc8 Ke2 69. Kh3 Kf3 70. Kh2 Nd3 71. Be6 Nf2 72. Bc8 Nxg4+ 73. Kh3 Nf2+ 74. Kh2 g4 75. Bb7+ Kf4 76. Ba8 h3 77. Bb7 g3+ 78. Kg1 h2+ 0-1